| 000 | 00939nam a2200289 i 4500 | ||
|---|---|---|---|
| 001 | bg | ||
| 100 | 1 | _aSPIEGEL, Murray R. | |
| 245 | 1 | 0 |
_aSchaum's outlines of theory and problems of statistics / _cMurray R. Spiegel, Larry J. Stephens. |
| 250 | _a3rd ed. | ||
| 260 |
_aNew York [etc.] : _bMcGraw-Hill, _c1999. |
||
| 300 |
_aXVII, 538 s. : _bwykr. ; _c28 cm. |
||
| 490 | 1 | _aSchaum's Outline Series | |
| 500 | _aTyt. okł.: "Statistics". | ||
| 504 | _aIndeks. | ||
| 650 | 9 | _aStatystyka matematyczna | |
| 655 | _aPodręczniki akademickie | ||
| 700 | 1 | _aSTEPHENS, Larry J. | |
| 830 | _aSchaum's Outline Series | ||
| 020 | _a0070602816 | ||
| 040 | _cBPK | ||
| 041 | 0 | _aeng | |
| 080 | _a519.2(075.8) | ||
| 920 | _a0-07-060281-6 | ||
| 942 | _cKS | ||
| 008 | s pl f |000 0 pol | ||
| 999 |
_c53522 _d53522 |
||